LEADER 02544oas 2200913 a 450 001 9910146476703321 005 20251106213014.0 011 $a1573-7241 035 $a(DE-599)ZDB2003553-6 035 $a(DE-599)2003553-6 035 $a(OCoLC)41558186 035 $a(CONSER) 2011236847 035 $a(CKB)954925564660 035 $a(EXLCZ)99954925564660 100 $a19990617a19879999 sy a 101 0 $aeng 135 $aurmnu|||||||| 181 $ctxt$2rdacontent 182 $cc$2rdamedia 183 $acr$2rdacarrier 200 10$aCardiovascular drugs and therapy 210 $a[Dordrecht] $cKluwer Academic Publishers 210 3 $aNew York $cSpringer 215 $a1 online resource 300 $aRefereed/Peer-reviewed 311 08$a0920-3206 606 $aCardiovascular agents$vPeriodicals 606 $aCardiovascular system$xDiseases$xChemotherapy$vPeriodicals 606 $aAgents cardiovasculaires$vPe?riodiques 606 $aAppareil cardiovasculaire$xMaladies$xChimiothe?rapie$vPe?riodiques 606 $aCardiovascular agents$2fast$3(OCoLC)fst00847147 606 $aCardiovascular system$xDiseases$xChemotherapy$2fast$3(OCoLC)fst00847184 606 $aFarmacologia$2thub 606 $aMalalties cardiovasculars$2thub 608 $aRevistes electro?niques. 608 $aPeriodicals.$2fast 608 $aPeriodicals.$2lcgft 608 $aRevistes electròniques.$2thub 615 0$aCardiovascular agents 615 0$aCardiovascular system$xDiseases$xChemotherapy 615 6$aAgents cardiovasculaires 615 6$aAppareil cardiovasculaire$xMaladies$xChimiothe?rapie 615 7$aCardiovascular agents. 615 7$aCardiovascular system$xDiseases$xChemotherapy. 615 07$aFarmacologia. 615 07$aMalalties cardiovasculars. 676 $a616.1061 801 0$bF#A 801 1$bF#A 801 2$bOCLCQ 801 2$bMUQ 801 2$bOCLCQ 801 2$bSYB 801 2$bVPI 801 2$bCIT 801 2$bOCLCQ 801 2$bNOC 801 2$bMT4IT 801 2$bOCLCQ 801 2$bBUF 801 2$bCOO 801 2$bOCLCF 801 2$bOCLCQ 801 2$bAU@ 801 2$bOCLCQ 801 2$bVT2 801 2$bNJT 801 2$bDLC 801 2$bUBY 801 2$bQGK 801 2$bOCLCQ 801 2$bUAB 801 2$bSFB 801 2$bOCLCL 801 2$bOCLCQ 906 $aJOURNAL 912 $a9910146476703321 996 $aCardiovascular drugs and therapy$9796620 997 $aUNINA